Valencia 2010's Starting XI - Statistics

General Stats
  • This quiz has been taken 1,368 times
    1,237 since last reset
  • The average score is 20 of 59
Answer Stats
Player % Correct
Geoffrey Kondogbia
80%
Diego Alves
67%
José Gayà
67%
Neto
67%
Dani Parejo
65%
David Villa
63%
Shkodran Mustafi
63%
David Silva
58%
Daniel Wass
57%
Gonçalo Guedes
55%
Sofiane Feghouli
55%
João Cancelo
49%
Nicolás Otamendi
49%
André Gomes
48%
Gabriel Paulista
48%
Ezequiel Garay
46%
Francis Coquelin
46%
Rodrigo
46%
Roberto Soldado
45%
Juan Mata
44%
Simone Zaza
43%
Carlos Soler
41%
Éver Banega
40%
Aymen Abdennour
35%
Cristiano Piccini
35%
Adil Rami
32%
Eliaquim Mangala
32%
Jérémy Mathieu
32%
Jordi Alba
32%
Paco Alcácer
32%
Ricardo Costa
32%
Tino Costa
31%
César Sánchez
28%
Andrés Guardado
26%
Enzo Pérez
26%
João Pereira
26%
David Albelda
24%
Jaume Doménech
24%
Vicente Guaita
23%
Jonas
22%
Pablo Piatti
22%
Santi Mina
22%
Nani
21%
Miguel Monteiro
19%
Joaquín
18%
Pablo Hernández
18%
Mehmet Topal
17%
Antonio Barragán
16%
Martín Montoya
16%
Aritz Aduriz
14%
Javi Fuego
14%
Juan Bernat
13%
Marius Stankevičius
11%
Bruno
10%
Víctor Ruiz
10%
Munir El Haddadi
9%
Alexis
6%
Federico Cartabia
6%
Ángel Dealbert
5%
No matching quizzes found
Score Distribution
Percent of People with Each Score
Percentile by Number Answered
Your Score History
You have not taken this quiz since the last reset